|
|
|
|
| LEADER |
00000nam a2200000 a 4500 |
| 001 |
vtls008454722 |
| 003 |
SK-MaSNL |
| 005 |
20260302074920.0 |
| 008 |
240314s1971 xr a g p 000 0 cze |
| 035 |
|
|
|a SAVUKc028219
|
| 040 |
|
|
|a SNK
|b slo
|c SNK
|e AACR2
|
| 041 |
0 |
|
|a cze
|
| 044 |
|
|
|a xr
|c CZ
|
| 080 |
|
|
|a 658.8
|2 2001
|
| 080 |
|
|
|a 007+004
|2 2001
|
| 080 |
|
|
|a (07)
|2 2001
|
| 100 |
1 |
|
|a Wiesenberger, Ivan
|4 aut
|9 322217
|
| 245 |
1 |
0 |
|a Marketing a informační činnost
|b učební texty
|c Ivan Wiesenberger
|
| 250 |
|
|
|a 2. doplěné vydání
|
| 260 |
|
|
|a Praha
|b Státní technická knihovna
|c 1971
|
| 300 |
|
|
|a 148 s.
|b lit., grafy, sch.
|c 20 cm
|
| 366 |
|
|
|e 500 výtisků
|
| 490 |
1 |
|
|a Učební texty
|
| 500 |
|
|
|a Brožovaná
|
| 504 |
|
|
|a Literatúra na s. 129-130
|
| 650 |
0 |
7 |
|a marketing
|2 SNKPH
|9 2299
|
| 650 |
0 |
7 |
|a informačné systémy
|2 SNKPH
|9 1128
|
| 655 |
|
7 |
|a učebné texty
|2 SNKPH
|9 70568
|
| 830 |
|
0 |
|a Učební texty
|9 387040
|
| 852 |
|
|
|a Štátna vedecká knižnica v Banskej Bystrici
|
| 852 |
|
|
|a Slovenská národná knižnica v Martine
|h ID 54724
|
| 958 |
|
|
|a OND
|
| 999 |
|
|
|c 1167062
|d 1168992
|
| 952 |
|
|
|a SNK
|b SNK
|y VYP
|7 0
|p 17A0761493
|o snkID 54724 D1
|i snkKIP 5428/71
|0 0
|1 1
|4 0
|d 2011-12-19
|l 0
|r 2026-02-24 20:52:00
|w 2026-02-24
|
| 952 |
|
|
|a SNK
|b SNK
|y VYP
|7 0
|p 17A1315198
|o snkID 54724
|i snkKIP 5427/71
|0 0
|1 0
|4 0
|d 2019-09-12
|l 0
|r 2026-02-24 20:52:00
|w 2026-02-24
|